1640 1620 1674 1375 1522 1462 1830 1944 1296 1022 1084 1906 1907 1478 1767 1526 1932 1530 1804 1158 1132 1890 1357 1558 1192 1784 1359 1135 1036 1495 1052 1211 1166 1589 1646 1297 1366 1741 1019 1376 1880 1487 1849 1505 1236 1689 1021 1272 1641 1158 1607 1065 1642 1697 1106 1872 1232 1224 1982 1967 1730 1506 1555 1940 1639 1483 1553 1219 1355 1856 1989 1446 1086 1302 1400 1286 1924 1881 1571 1675 1919 1456 1706 1666 1591 1522 1248 1801 1639 1402 1371 1168 1481 1774 1870 1261 1607 1259 1393 BCNSPRNW ULIB Ver.6.0+V

เปลี่ยนเป็นภาษาไทย

Change to English
 แสดงรายละเอียดบรรณานุกรม
  กลับหน้าหลัก

Brief Record : Get Marc (ISO 2709) : E-mail record : QR code < ปิดหน้าต่าง
LEADER : 00000nam 2200000uu 4500
001    13399111326
003     ULIB
008    110622s2545||||th 000 0 tha d
020    9742944938
060  4 WY105^bก285น 2545
100 0  กฤษดา แสวงดี
110 1  กระทรวงสาธารณสุข.^bกองการพยาบาล
245 00 แนวทางการจัดอัตรากำลังทางการพยาบาล/^cกฤษดา แสวงดี
260    นนทบุรี:^bโรงพิมพ์องค์การรับส่งสินค้าและพัสดุภัณฑ์,^c2545
300    81 หน้า:^bตาราง
650  7 พยาบาล
650  7 การพยาบาล
650  7 อัตรากำลังทางการพยาบาล
710 1  กระทรวงสาธารณสุข.^bกองการพยาบาล
945    ^p0^l0^i12399
945    ^p0^l0^i10402
995    เกษร
999    ^aใช้งานได้ทุกระบบ
รายการนี้ยังไม่มีแท็ก
คุณยังไม่ได้ล็อกอิน คุณสามารถมีกิจกรรมร่วมกับเว็บไซต์ได้ แต่ต้องล็อกอินก่อน ::
  ล็อกอิน

รายการสื่อสารสนเทศ

ลำดับที่ ประเภท เลขเรียก/บาร์โค้ด สถานที่ สถานะ
- ไม่พบข้อมูล -

รายการใกล้เคียง
    หัวเรื่อง [พยาบาล]
    หัวเรื่อง [การพยาบาล]
    หัวเรื่อง [อัตรากำลังทางการพยาบาล]

BibComment


ยังไม่เคยถูกคอมเมนท์

คอมเมนท์ทรัพยากรรายการนี้
  คอมเมนท์: แนวทางการจัดอัตรา..


 Copyright 2026. Bcnsprnw @Library